LEADER 00941nam a2200241 a 4500 001 000000020799 003 CaOOAMICUS 005 20130916131510.0 008 950328s1914 it u000 u ita u 035 $a10509449 040 $aPUL(R)$bita 100 1 $aPitzorno, Benvenuto,$d1878-$0(OLS)http://pul/name/18019 245 12$aL'adozione privata /$cBenvenuto Pitzorno. 260 $aPerugia :$bUnione tipografica cooperativa,$c1914. 300 $a224 p. ;$c26 cm 504 $aBibliografia in nota. 650 4$aAdozione e affiliazione.$0(OLS)http://pul/subject/13625 850 $aPUL 852 $aPUL$W1$xDP2 Diritto e Scienze Sociali 1$y65$m187 G 71$j29231$nBK-PRI$qStampati$B29231$CPULBib$Z2$F29231 $H66551 $82 941 1 $a8 961 $aINV: 66551 996 $6245$aL'adozione privata$9(OLS)http://pul/title/29233 996 $6260$aPerugia :$bUnione tipografica cooperativa$9(OLS)http://pul/publisher/50186 LEADER 00993nam a2200253 a 4500 001 000000146972 003 CaOOAMICUS 005 20151030113216.0 008 151030s1934 gw af u000 u ger r 032 $aLibriCat 040 $aPUL$bita 100 1 $aFassbinder, Maria.$0(OLS)http://pul/name/93464 245 14$aDie heilige Clara von Assisi /$cMaria Fassbinder. 260 $aFreiburg im Breisgau :$bHerder & Co. G. M. B. H.,$c1934. 300 $aXII, 224 p., [1] p. di tav. :$bill. ;$c20 cm. 600 04$aClara Assisiensis,$cs.,$d1194-1253.$0(OLS)http://pul/subject/2026 850 $aPUL 852 $aPUL$W1$xDP1 Religione 1$y20$m642 K 16$j169923$qStampati$B170699$CPULBib$Z2$F170699 $81 941 1 $a8 960 $aChiara$cd'Assisi, s.$d1194-1253$92026 961 $aDedica ms. 996 $6245$aDie heilige Clara von Assisi$9(OLS)http://pul/title/185605 996 $6260$aFreiburg im Breisgau :$bHerder & Co. G. M. B. H.$9(OLS)http://pul/publisher/49986